Online
Catalog

Cuadernos de poesía nueva. (Record no. 17500)

MARC details
000 -CABECERA
campo de control de longitud fija 00748nam a2200241 a 4500
001 - NÚMERO DE CONTROL
campo de control 000017978
005 - FECHA Y HORA DE LA ÚLTIMA TRANSACCIÓN
campo de control 20200929165312.0
008 - DATOS DE LONGITUD FIJA--INFORMACIÓN GENERAL
campo de control de longitud fija 890626s1988 sp 000 pdspa d
020 ## - NÚMERO INTERNACIONAL ESTÁNDAR DEL LIBRO
Número Internacional Estándar del Libro 8440418361
040 ## - FUENTE DE LA CATALOGACIÓN
Centro catalogador/agencia de origen DO-SdBNP
Lengua de catalogación spa
Centro/agencia transcriptor BNPHU
082 ## - NÚMERO DE LA CLASIFICACIÓN DECIMAL DEWEY
Número de clasificación 861
Número de documento/Ítem C961p, 1988
049 ## - FONDOS LOCALES (OCLC)
Fondos de biblioteca BNGR
245 00 - MENCIÓN DE TÍTULO
Título Cuadernos de poesía nueva.
250 ## - MENCIÓN DE EDICIÓN
Mención de edición 62a ed.
260 ## - PUBLICACIÓN, DISTRIBUCIÓN, ETC.
Lugar de publicación, distribución, etc. Madrid :
Nombre del editor, distribuidor, etc. Asociación Prometeo de Poesía,
Fecha de publicación, distribución, etc. 1988.
300 ## - DESCRIPCIÓN FÍSICA
Extensión 75 p. ;
Dimensiones 21 cm.
500 ## - NOTA GENERAL
Nota general Incluye referencias bibliográficas de cada autor individual.
500 ## - NOTA GENERAL
Nota general Incluye microbiografías.
500 ## - NOTA GENERAL
Nota general Incluye índice de poemas.
650 #4 - PUNTO DE ACCESO ADICIONAL DE MATERIA--TÉRMINO DE MATERIA
Término de materia o nombre geográfico como elemento de entrada Poesía española
Subdivisión cronológica SIGLO XX
9 (RLIN) 9197
650 #4 - PUNTO DE ACCESO ADICIONAL DE MATERIA--TÉRMINO DE MATERIA
Término de materia o nombre geográfico como elemento de entrada Literatura española
Subdivisión cronológica SIGLO XX
9 (RLIN) 3326
910 ## - DATOS DE OPCIÓN DEL USUARIO (OCLC)
Datos de opción del usuario Catalogación derivada
Holdings
Estado de retiro Estado de pérdida Restricciones de uso No para préstamo Código de colección Localización permanente Ubicación/localización actual Ubicación en estantería Fecha de adquisición Número de inventario Total de préstamos Signatura topográfica completa Código de barras Fecha visto por última vez Precio válido a partir de Tipo de ítem Koha
    Préstamo interno   Monografías: Libros y Folletos General General En catalogación 08.04.2010 LF1   861 C961p, 1988 17978-10 25.06.2020 25.06.2020 Préstamo interno

Powered by Koha